Výroba spadla, obchod sa drží

Pracovné ponuky po vypuknutí pandémie. Výsledky prieskumu zameraného na možnosti uplatnenia sa v rôznych sektoroch vo firmách na Slovensku. Vývoj ponuky pracovných portálov.

Na minha lista:
Detalhes bibliográficos
Formato: Capítulo de Livro
Idioma:eslovaco
Assuntos:
Tags: Adicionar Tag
Sem tags, seja o primeiro a adicionar uma tag!

MARC

LEADER 00000naa a2200000 4500
001 0268237
005 20200908104946.8
041 0 |a slo 
044 |a SK 
245 1 0 |a Výroba spadla, obchod sa drží 
520 |a Pracovné ponuky po vypuknutí pandémie. Výsledky prieskumu zameraného na možnosti uplatnenia sa v rôznych sektoroch vo firmách na Slovensku. Vývoj ponuky pracovných portálov. 
610 2 0 |a personalistika 
610 2 0 |a trh práce 
610 2 0 |a regióny 
610 2 0 |a ponuka práce 
610 2 0 |a kríza